000 01877nam a2200397 i 4500
001 193501
003 ES-MaACL
005 20240901153425.0
007 ta
008 240103c2010 mx 000 spa c
020 _a9786071604002
020 _a9700506312
_q(Obra completa)
035 _a(ES-BaCBU).b68371986
035 _a991034400309706706
040 _aSpMaUCCP.
_bspa
_cES-MaACL
080 _a94(72).051
_22004
100 1 _aKnight, Alan,
_d1946-
_9234809
245 1 3 _aLa Revolución Mexicana :
_bdel profiriato al nuevo régimen constitucional /
_cAlan Knight ; Traducción Luis Cortés Bargalló ; Revisión de la traducción Argelia Castillo Cano.
260 _aMéxico :
_bFondo de Cultura Económica,
_c2010.
300 _a1405 p. :
_bil. ;
_c23 cm
336 _2rdacontent
_aTexto
337 _2rdamedia
_asin mediación
338 _2rdacarrier
_avolumen
500 _aTraducción de: The Mexican revolution.
530 _aVersión digital: http://www.iunma.edu.ar/doc/MB/lic_historia_mat_bibliografico/Historia%20Latinoamericana%20II/Unidad%202/Knight_Alan_La_Revolucion_mexicana._Del.pdf
651 7 _aMéxico-
_xHistoria-
_y1910-1917, Revolución armada
_9151495
700 1 _aCortés Bargalló, Luis,
_9234810
852 _aES-MaACL
_bR.154900
_cDEPOJ
_jN-9649
_hDonación: José Lázaro García
_9200981
_xEncuadernación rústica con solapas
856 4 _3Versión digital
_uhttp://www.iunma.edu.ar/doc/MB/lic_historia_mat_bibliografico/Historia%20Latinoamericana%20II/Unidad%202/Knight_Alan_La_Revolucion_mexicana._Del.pdf
903 _9234219
_aLázaro García, José
_ednr
942 _n0
_cMONOGRAFIA
999 _c193501
_d193501